Civil liberties under the constitution

Guardat en:
Dades bibliogràfiques
Autor principal: Abernathy, M. Glenn (Autor)
Format: Llibre
Idioma:anglès
Publicat: Nueva York Dodd, Mead & Company 1970
Matèries:
Etiquetes: Afegir etiqueta
Sense etiquetes, Sigues el primer a etiquetar aquest registre!

MARC

LEADER 00000nam a2200000 a 4500
001 UCT7040
003 CL-VaPUC
008 970116e19700000US |||||||||||||||||eng|d
082 0 4 |a 323.44  |b ABE  |2 21 
100 0 |a Abernathy, M. Glenn  |e author  |9 377618 
245 1 0 |a Civil liberties under the constitution 
300 |a 569 p 
942 |c BK 
945 |d 19970116 00:00:00  |a paguirre 
260 |a Nueva York  |b Dodd, Mead & Company  |c 1970 
650 0 |a Derechos civiles y políticos   |9 338684 
650 0 |a Libertad  |9 255686 
650 0 |a Constituciones  |9 255417 
650 7 |a FEDERACION  |2 CL-VaPUC  |9 358919 
650 7 |a DERECHO A LA LIBERTAD DE EXPRESION  |2 CL-VaPUC  |9 345571 
650 0 |a Libertad de prensa  |9 255610 
650 7 |a LIBERTAD RELIGIOSA  |2 CL-VaPUC  |9 377619 
650 7 |a LEGISLACION  |2 CL-VaPUC  |9 377620 
650 7 |a LEY  |2 CL-VaPUC  |9 377621 
651 0 |a Estados Unidos  |9 255178 
583 |a last modification  |c 19970116 00:00:00  |k Rodrigo Vera 
999 |c 255703  |d 255701 
952 |0 0  |1 0  |4 0  |6 323_440000000000000_ABE_1970  |7 0  |8 A  |9 278081  |a BIBDER  |b BIBDER  |d 2019-11-19  |i 1805568  |o 323.44 ABE 1970  |p 1805568  |r 2023-01-25  |w 2019-11-19  |y BK  |k DER